Statistics for Name the Country by its President Part 2

Click here to take the quiz!

General Stats

  • This quiz has been taken 10 times
  • The average score is 5 of 16

Answer Stats

Answer% Correct
Saudi Arabia
90%
Brazil
80%
Belarus
70%
Turkey
70%
United Arab Emirates
50%
India
40%
Australia
30%
Democratic Republic of the Congo
20%
Denmark
20%
Myanmar
20%
Israel
10%
South Sudan
10%
Sweden
10%
Bangladesh
0%
Finland
0%
Kosovo
0%

Score Distribution

Percentile by Number Answered

Percent of People with Each Score

Your Score History

You have not taken this quiz